Šlechtení růží

Podrobná bibliografia
Hlavný autor: Walter, V. (Autor)
Médium: Článok
Jazyk:čeština
Predmet:

MARC

LEADER 00000nab a2200000 a 4500
001 vtls000236692
003 SK-MaSNL
005 20260302210527.0
008 160201c1986 xo 0 cze
015 |a SNBRB19rr/mm-uuuuu 
035 |a CL0246806 
040 |a SNKBUCL  |b slo  |c SNKBUCL  |e AACR2 
041 0 |a cze 
044 |a xo  |c SK 
080 |a 635.9.075:631.52  |2 1981 
080 |a 631.52  |2 1981 
100 1 |a Walter, V.  |4 aut  |9 702091 
245 1 0 |a Šlechtení růží  |c V. Walter 
650 0 7 |a ruže  |2 snkbucl  |9 58917 
650 0 7 |a šľachtenie  |2 snkbucl  |9 298371 
655 7 |a články z novín a časopisov  |2 snkbucl  |9 267496 
773 0 |t Záhradníctvo  |g Roč. 11, č. 1 (1986), s. 30-31 
850 |a Slovenská národná knižnica v Martine  |a MTA001 
852 |a SNK  |b KIS3GCP 
958 |a RK 
958 |a CZ 
992 |a RBX 
999 |c 1483038  |d 1484968